| 000 | 00711nam a2200241 i 4500 | ||
|---|---|---|---|
| 001 | bg | ||
| 100 | 1 | _aBEDNAREK, Małgorzata | |
| 245 | 1 | 0 |
_aMienie : _bkomentarz do art. / _cMałgorzata Bednarek _n44-55 Kodeksu cywilnego. |
| 250 | _aStan prawny na 31 sierpnia 1997 r. | ||
| 260 |
_aKraków : _bZakamycze, _c1997. |
||
| 300 |
_a237, [1] s. ; _c21 cm. |
||
| 490 | 1 | _aKomentarze do K. C. | |
| 504 | _aBibliogr. przy rozdz. | ||
| 650 | 9 |
_aWłasność _xprawo _zPolska _ystan na 1997 r. |
|
| 830 | _aKomentarze do K. C. | ||
| 020 | _a8386393807 | ||
| 040 | _cBPK | ||
| 041 | 0 | _apl | |
| 080 | _a347.2(438)(094.5.07) | ||
| 920 | _a83-86393-80-7 | ||
| 942 | _cKS | ||
| 008 | s pl f |000 0 pol | ||
| 999 |
_c33727 _d33727 |
||
| 856 |
_uhttp://koha.tu.koszalin.pl/cgi-bin/koha/opac-detail.pl?biblionumber=33727 _yKatalog online BPK |
||